000
00272nam a22001217a 4500
005
20250901165818.0
008
250407b |||||||| |||| 00| 0 eng d
020
_a
9789966227195
245
_a
FUMBO LA MAISHA
260
_a
NAIROBI
_b
JKF
_c
2009
300
_a
200
942
_2
lcc
999
_c
9541
_d
9541